【共通テスト化学】合金 - Statistics

General Stats
  • This quiz has been taken 16 times
  • The average score is 138 of 192
Answer Stats
Question Tile Select % Correct
ステンレス鋼 Bi ビスマス No
100%
ステンレス鋼 Cd カドミウム No
100%
ステンレス鋼 Co コバルト No
100%
ステンレス鋼 Mg マグネシウム No
100%
ステンレス鋼 Mn マンガン No
100%
ステンレス鋼 Ti チタン No
100%
ステンレス鋼 V バナジウム No
100%
ステンレス鋼 Zn 亜鉛 No
100%
ステンレス鋼 Ag 銀 No
86%
マンガン鋼 Ag 銀 No
86%
黄銅 (真鍮) Ag 銀 No
86%
青銅 (ブロンズ) Ag 銀 No
86%
白銅 Ag 銀 No
86%
ニクロム Ag 銀 No
86%
チタン合金 Ag 銀 No
86%
マンガン鋼 Al アルミニウム No
86%
黄銅 (真鍮) Al アルミニウム No
86%
青銅 (ブロンズ) Al アルミニウム No
86%
白銅 Al アルミニウム No
86%
ジュラルミン Al アルミニウム Yes
86%
無鉛はんだ Al アルミニウム No
86%
ニクロム Al アルミニウム No
86%
マンガン鋼 Bi ビスマス No
86%
黄銅 (真鍮) Bi ビスマス No
86%
青銅 (ブロンズ) Bi ビスマス No
86%
白銅 Bi ビスマス No
86%
ジュラルミン Bi ビスマス No
86%
ニクロム Bi ビスマス No
86%
チタン合金 Bi ビスマス No
86%
マンガン鋼 Cd カドミウム No
86%
黄銅 (真鍮) Cd カドミウム No
86%
青銅 (ブロンズ) Cd カドミウム No
86%
白銅 Cd カドミウム No
86%
ジュラルミン Cd カドミウム No
86%
無鉛はんだ Cd カドミウム No
86%
ニクロム Cd カドミウム No
86%
チタン合金 Cd カドミウム No
86%
マンガン鋼 Co コバルト No
86%
黄銅 (真鍮) Co コバルト No
86%
青銅 (ブロンズ) Co コバルト No
86%
白銅 Co コバルト No
86%
ジュラルミン Co コバルト No
86%
無鉛はんだ Co コバルト No
86%
ニクロム Co コバルト No
86%
チタン合金 Co コバルト No
86%
マンガン鋼 Cr クロム No
86%
黄銅 (真鍮) Cr クロム No
86%
青銅 (ブロンズ) Cr クロム No
86%
白銅 Cr クロム No
86%
無鉛はんだ Cr クロム No
86%
ニクロム Cr クロム Yes
86%
チタン合金 Cr クロム No
86%
ステンレス鋼 Cu 銅 No
86%
マンガン鋼 Cu 銅 No
86%
黄銅 (真鍮) Cu 銅 Yes
86%
青銅 (ブロンズ) Cu 銅 Yes
86%
白銅 Cu 銅 Yes
86%
ニクロム Cu 銅 No
86%
チタン合金 Cu 銅 No
86%
ステンレス鋼 Fe 鉄 Yes
86%
マンガン鋼 Fe 鉄 Yes
86%
青銅 (ブロンズ) Fe 鉄 No
86%
白銅 Fe 鉄 No
86%
無鉛はんだ Fe 鉄 No
86%
ニクロム Fe 鉄 No
86%
マンガン鋼 Mg マグネシウム No
86%
黄銅 (真鍮) Mg マグネシウム No
86%
青銅 (ブロンズ) Mg マグネシウム No
86%
白銅 Mg マグネシウム No
86%
無鉛はんだ Mg マグネシウム No
86%
ニクロム Mg マグネシウム No
86%
チタン合金 Mg マグネシウム No
86%
マンガン鋼 Mn マンガン Yes
86%
黄銅 (真鍮) Mn マンガン No
86%
青銅 (ブロンズ) Mn マンガン No
86%
白銅 Mn マンガン No
86%
無鉛はんだ Mn マンガン No
86%
ニクロム Mn マンガン No
86%
チタン合金 Mn マンガン No
86%
マンガン鋼 Ni ニッケル No
86%
青銅 (ブロンズ) Ni ニッケル No
86%
ジュラルミン Ni ニッケル No
86%
無鉛はんだ Ni ニッケル No
86%
ニクロム Ni ニッケル Yes
86%
チタン合金 Ni ニッケル No
86%
ステンレス鋼 Pb 鉛 No
86%
マンガン鋼 Pb 鉛 No
86%
黄銅 (真鍮) Pb 鉛 No
86%
青銅 (ブロンズ) Pb 鉛 No
86%
ニクロム Pb 鉛 No
86%
チタン合金 Pb 鉛 No
86%
ステンレス鋼 Sn スズ No
86%
マンガン鋼 Sn スズ No
86%
白銅 Sn スズ No
86%
ジュラルミン Sn スズ No
86%
ニクロム Sn スズ No
86%
チタン合金 Sn スズ No
86%
マンガン鋼 Ti チタン No
86%
黄銅 (真鍮) Ti チタン No
86%
青銅 (ブロンズ) Ti チタン No
86%
白銅 Ti チタン No
86%
無鉛はんだ Ti チタン No
86%
ニクロム Ti チタン No
86%
チタン合金 Ti チタン Yes
86%
マンガン鋼 V バナジウム No
86%
黄銅 (真鍮) V バナジウム No
86%
青銅 (ブロンズ) V バナジウム No
86%
白銅 V バナジウム No
86%
ジュラルミン V バナジウム No
86%
無鉛はんだ V バナジウム No
86%
ニクロム V バナジウム No
86%
チタン合金 V バナジウム Yes
86%
マンガン鋼 Zn 亜鉛 No
86%
ジュラルミン Zn 亜鉛 No
86%
無鉛はんだ Zn 亜鉛 No
86%
ニクロム Zn 亜鉛 No
86%
ジュラルミン Ag 銀 No
71%
ステンレス鋼 Al アルミニウム No
71%
洋白 (洋銀) Al アルミニウム No
71%
無鉛はんだ Bi ビスマス No
71%
洋白 (洋銀) Bi ビスマス No
71%
ジュラルミン Cr クロム No
71%
洋白 (洋銀) Cr クロム No
71%
黄銅 (真鍮) Fe 鉄 No
71%
ジュラルミン Fe 鉄 No
71%
洋白 (洋銀) Fe 鉄 No
71%
洋白 (洋銀) Mg マグネシウム No
71%
洋白 (洋銀) Mn マンガン No
71%
黄銅 (真鍮) Ni ニッケル No
71%
白銅 Pb 鉛 No
71%
ジュラルミン Pb 鉛 No
71%
洋白 (洋銀) Pb 鉛 No
71%
黄銅 (真鍮) Sn スズ No
71%
青銅 (ブロンズ) Sn スズ Yes
71%
無鉛はんだ Sn スズ Yes
71%
ジュラルミン Ti チタン No
71%
洋白 (洋銀) Ti チタン No
71%
青銅 (ブロンズ) Zn 亜鉛 No
71%
白銅 Zn 亜鉛 No
71%
MK鋼 Ag 銀 No
57%
ウッド合金 Al アルミニウム No
57%
MK鋼 Bi ビスマス No
57%
MK鋼 Cd カドミウム No
57%
洋白 (洋銀) Cd カドミウム No
57%
MK鋼 Co コバルト No
57%
洋白 (洋銀) Co コバルト No
57%
ウッド合金 Cu 銅 No
57%
ウッド合金 Fe 鉄 No
57%
ウッド合金 Mg マグネシウム No
57%
ステンレス鋼 Ni ニッケル Yes
57%
白銅 Ni ニッケル Yes
57%
ウッド合金 Ni ニッケル No
57%
MK鋼 Pb 鉛 No
57%
MK鋼 Sn スズ No
57%
洋白 (洋銀) Sn スズ No
57%
MK鋼 Ti チタン No
57%
ウッド合金 V バナジウム No
57%
MK鋼 V バナジウム No
57%
洋白 (洋銀) V バナジウム No
57%
黄銅 (真鍮) Zn 亜鉛 Yes
57%
MK鋼 Zn 亜鉛 No
57%
ウッド合金 Ag 銀 No
43%
ウッド合金 Co コバルト No
43%
ステンレス鋼 Cr クロム Yes
43%
ウッド合金 Cr クロム No
43%
MK鋼 Cr クロム No
43%
ジュラルミン Cu 銅 Yes
43%
MK鋼 Cu 銅 No
43%
チタン合金 Fe 鉄 No
43%
ジュラルミン Mg マグネシウム Yes
43%
MK鋼 Mg マグネシウム No
43%
ウッド合金 Mn マンガン No
43%
無鉛はんだ Pb 鉛 No
43%
ウッド合金 Ti チタン No
43%
ウッド合金 Zn 亜鉛 No
43%
洋白 (洋銀) Ag 銀 No
29%
ウッド合金 Cd カドミウム Yes
29%
MK鋼 Fe 鉄 Yes
29%
ジュラルミン Mn マンガン Yes
29%
MK鋼 Mn マンガン No
29%
無鉛はんだ Ag 銀 Yes
14%
MK鋼 Al アルミニウム Yes
14%
ウッド合金 Bi ビスマス Yes
14%
洋白 (洋銀) Cu 銅 Yes
14%
洋白 (洋銀) Ni ニッケル Yes
14%
ウッド合金 Pb 鉛 Yes
14%
ウッド合金 Sn スズ Yes
14%
洋白 (洋銀) Zn 亜鉛 Yes
14%
チタン合金 Al アルミニウム Yes
0%
無鉛はんだ Cu 銅 Yes
0%
MK鋼 Ni ニッケル Yes
0%
チタン合金 Zn 亜鉛 No
0%
No matching quizzes found
Score Distribution
Percent of People with Each Score
Percentile by Number Answered
Your Score History
You have not taken this quiz